Vzájomný vzťah harmonizácie účtovníctva a harmonizácie daňovníctva ako svetového trendu v riadení bakalárska práca

Enregistré dans:
Détails bibliographiques
Auteur principal: Buček, Patrik
Collectivité auteur: Národohospodárska fakulta EU. Katedra financií
Autres auteurs: Staríčková, Zuzana
Format: Livre
Langue:slovaque
Publié: Bratislava 2012
Tags: Ajouter un tag
Pas de tags, Soyez le premier à ajouter un tag!

MARC

LEADER 00000nbm a2200000 4500
001 0158641
005 20161109112003.4
041 0 |a slo 
044 |a SK 
245 1 0 |a Vzájomný vzťah harmonizácie účtovníctva a harmonizácie daňovníctva ako svetového trendu v riadení  |b bakalárska práca  |c Patrik Buček ; školiteľ: Zuzana Staríčková 
264 1 |a Bratislava  |c 2012 
300 |a 38 s. 
100 1 |a Buček, Patrik 
700 1 |a Staríčková, Zuzana 
710 2 |a Národohospodárska fakulta EU. Katedra financií